[Event "Ulm/Neu Ulm-ch"]
[Site "Ulm/Neu Ulm"]
[Date "2008.11.28"]
[Round "6"]
[White "Locher, Klaus"]
[Black "Meier, Dennis"]
[Result "1-0"]
[WhiteElo "1787"]
[BlackElo "1335"]
[PlyCount "61"]
[EventDate "2008.09.19"]
[EventType "swiss"]
[EventRounds "7"]
[EventCountry "GER"]
[SourceTitle "EXT 2011"]
[Source "ChessBase"]
[SourceDate "2010.11.26"]
[SourceVersion "1"]
[SourceVersionDate "2010.11.26"]
[SourceQuality "1"]

1. c4 Nf6 2. Nc3 Nc6 3. g3 b6 4. Bg2 Bb7 5. e4 e6 6. Nge2 Bc5 7. d4 Be7 8. 0-0 0-0 9. a3 Na5 10. b3 c5 11. d5 exd5 12. cxd5 Ba6 13. e5 Ne8 14. d6 Bg5 15. Bxg5 Qxg5 16. Bxa8 Qxe5 17. Qd5 Qxd6 18. Rfd1 Qb8 19. Qf3 Nxb3 20. Rab1 Na5 21. Bd5 Nf6 22. Nf4 Qe5 23. Re1 Qf5 24. Ng2 Qc2 25. Nh4 Nxd5 26. Nxd5 Bb7 27. Ne7+ Kh8 28. Qg4 Qd3 29. Nhf5 g6 30. Qh4 Qf3 31. Qf6# 1-0

[Event "GER-ch41 Juniors email"]
[Site "GER email"]
[Date "2008.02.22"]
[Round "?"]
[White "Hobert, Markus"]
[Black "Meier, Dennis"]
[Result "1-0"]
[WhiteElo "2258"]
[BlackElo "2151"]
[PlyCount "93"]
[EventDate "2008.??.??"]
[EventType "tourn (corr)"]
[EventRounds "6"]
[EventCountry "GER"]
[SourceTitle "Corr 2011"]
[Source "ChessBase"]
[SourceDate "2010.08.31"]
[SourceVersion "1"]
[SourceVersionDate "2010.08.31"]
[SourceQuality "1"]

1. d4 d5 2. c4 e6 3. Nc3 Nf6 4. Bg5 Nbd7 5. e3 c6 6. Nf3 Qa5 7. cxd5 Nxd5 8. Qd2 Bb4 9. Rc1 h6 10. Bh4 c5 11. a3 Bxc3 12. bxc3 b6 13. Bd3 Ba6 14. 0-0 cxd4 15. Bxa6 Qxa6 16. Qxd4 0-0 17. e4 Nf4 18. Qxd7 Ne2+ 19. Kh1 Nxc1 20. Rxc1 Qxa3 21. Qd2 Rac8 22. Nd4 Qd6 23. f3 e5 24. Bg3 Rfd8 25. Qe1 f6 26. Nf5 Qe6 27. Ne3 Rd7 28. Bf2 Qb3 29. Nd5 Kh8 30. Kg1 f5 31. Bg3 f4 32. Bf2 Rc4 33. g3 Rf7 34. Qd2 Qa3 35. gxf4 exf4 36. Bd4 Kh7 37. e5 Rf5 38. Re1 Kg8 39. h4 Rc6 40. Qd3 Rf7 41. e6 Re7 42. Qg6 Rcxe6 43. Rxe6 Qa1+ 44. Kh2 Qa2+ 45. Kh1 Qxd5 46. Rxe7 Qxf3+ 47. Kg1 1-0

[Event "GER-ch41 Juniors email"]
[Site "GER email"]
[Date "2008.02.22"]
[Round "?"]
[White "Meier, Dennis"]
[Black "Hansch, Karsten"]
[Result "1/2-1/2"]
[WhiteElo "2151"]
[BlackElo "2118"]
[PlyCount "66"]
[EventDate "2008.??.??"]
[EventType "tourn (corr)"]
[EventRounds "6"]
[EventCountry "GER"]
[SourceTitle "Corr 2011"]
[Source "ChessBase"]
[SourceDate "2010.08.31"]
[SourceVersion "1"]
[SourceVersionDate "2010.08.31"]
[SourceQuality "1"]

1. d4 Nf6 2. Nf3 g6 3. c4 Bg7 4. Nc3 0-0 5. e3 d6 6. Be2 Nbd7 7. 0-0 e5 8. Qc2 Re8 9. b3 Qe7 10. Ba3 e4 11. Nd2 c6 12. Rfe1 Nf8 13. f3 exf3 14. Bxf3 Bg4 15. e4 Qc7 16. h3 Bd7 17. Bb2 Ne6 18. Ne2 Ng5 19. Ng3 c5 20. e5 dxe5 21. dxe5 Re7 22. Bxb7 Rae8 23. Bf3 Bc8 24. Rad1 Nd7 25. Bd5 Nxe5 26. Nde4 Nxe4 27. Nxe4 Bf5 28. Re2 Bxe4 29. Rxe4 Nf3+ 30. gxf3 Qg3+ 31. Qg2 Qxg2+ 32. Kxg2 Bxb2 33. Rde1 Rxe4 1/2-1/2

[Event "GER JU-S64 email"]
[Site "GER email"]
[Date "2008.01.14"]
[Round "?"]
[White "Kunz, Andre"]
[Black "Meier, Dennis"]
[Result "1-0"]
[WhiteElo "2182"]
[BlackElo "2151"]
[PlyCount "69"]
[EventDate "2008.??.??"]
[EventType "tourn (corr)"]
[EventRounds "6"]
[EventCountry "GER"]
[SourceTitle "Corr 2011"]
[Source "ChessBase"]
[SourceDate "2010.08.31"]
[SourceVersion "1"]
[SourceVersionDate "2010.08.31"]
[SourceQuality "1"]

1. e4 d6 2. d4 Nf6 3. Nc3 g6 4. Be3 Bg7 5. Qd2 0-0 6. f3 Nc6 7. 0-0-0 Re8 8. g4 e5 9. d5 Nd4 10. h4 c5 11. h5 Bd7 12. Nce2 Ba4 13. b3 Bd7 14. Ng3 Bb5 15. hxg6 fxg6 16. Bxd4 Bxf1 17. Bxc5 Ba6 18. Be3 Qc7 19. Nh3 Rac8 20. Ng5 Bb5 21. Kb2 Bd7 22. c4 b5 23. cxb5 Bxb5 24. Ne6 Qb7 25. g5 Nd7 26. Nxg7 Kxg7 27. Nf5+ gxf5 28. Rxh7+ Kxh7 29. Qh2+ Kg8 30. Rh1 Kf8 31. g6 Rc2+ 32. Kxc2 Qc7+ 33. Kb2 Nf6 34. Bg5 Ng8 35. Qh8 1-0

[Event "GER JU-S64 email"]
[Site "GER email"]
[Date "2008.01.14"]
[Round "?"]
[White "Mewes, Fabian"]
[Black "Meier, Dennis"]
[Result "0-1"]
[WhiteElo "2000"]
[BlackElo "2151"]
[PlyCount "31"]
[EventDate "2008.??.??"]
[EventType "tourn (corr)"]
[EventRounds "6"]
[EventCountry "GER"]
[SourceTitle "Corr 2011"]
[Source "ChessBase"]
[SourceDate "2010.08.31"]
[SourceVersion "1"]
[SourceVersionDate "2010.08.31"]
[SourceQuality "1"]

1. e4 d6 2. Bc4 Nf6 3. Nh3 Bg4 4. f3 Bxh3 5. gxh3 e6 6. Bb5+ c6 7. Ba4 Nxe4 8. fxe4 Qh4+ 9. Kf1 Qxe4 10. Rg1 Qxa4 11. Nc3 Qf4+ 12. Ke1 Nd7 13. d4 Qxh2 14. Ne2 Qxh3 15. Nf4 Qh4+ 16. Kf1 0-1